| 000 | 00475nam a22001697a 4500 | ||
|---|---|---|---|
| 003 | NUST - PNEC | ||
| 005 | 20170116180905.0 | ||
| 008 | 150902b xxu||||| |||| 00| 0 eng d | ||
| 020 | _a017771039X | ||
| 040 | _cLIBRARY | ||
| 082 | _a604.2 THO | ||
| 100 |
_96564 _aThomson, R. |
||
| 245 |
_aExercises in graphic communication: Interpretation of technical and engineering drawing _cR. Thomson |
||
| 260 | _c1971 | ||
| 650 |
_96566 _aTechnical drawing _xME |
||
| 942 |
_2ddc _cBK |
||
| 999 |
_c65059 _d65059 |
||